[Event "Hradec Kralove op 11th"]
[Site "Hradec Kralove"]
[Date "2022.11.05"]
[Round "1"]
[White "Hetfleischova, Elen"]
[Black "Ruzickova, Radka"]
[Result "1/2-1/2"]
[WhiteElo "1434"]
[BlackElo "1833"]
[PlyCount "43"]
[EventDate "2022.11.05"]
[EventType "swiss"]
[EventRounds "9"]
[EventCountry "CZE"]
[SourceTitle "CBM 211 Extra"]
[Source "ChessBase"]
[SourceDate "2023.01.31"]
[SourceVersion "1"]
[SourceVersionDate "2023.01.31"]
[SourceQuality "1"]

1. e4 e6 2. d4 d5 3. exd5 exd5 4. Nf3 Nf6 5. Bf4 Bg4 6. Qe2+ Qe7 7. Qxe7+ Bxe7 8. Bxc7 Bxf3 9. gxf3 Nc6 10. c3 Rc8 11. Bf4 0-0 12. Nd2 Nh5 13. Be3 f5 14. f4 Bd6 15. Bg2 Ne7 16. 0-0 Bxf4 17. Rfe1 Rce8 18. c4 Bxe3 19. Rxe3 Nf4 20. Rae1 Nxg2 21. Kxg2 Kf7 22. cxd5 1/2-1/2

[Event "Hradec Kralove Region-chT 2223"]
[Site "Czech Republic"]
[Date "2022.10.09"]
[Round "1.3"]
[White "Novotny, Josef"]
[Black "Ruzickova, Radka"]
[Result "1-0"]
[WhiteElo "1965"]
[BlackElo "1838"]
[PlyCount "117"]
[EventDate "2022.10.09"]
[EventType "team-tourn"]
[EventRounds "11"]
[EventCountry "CZE"]
[SourceTitle "EXT 2024"]
[Source "ChessBase"]
[SourceDate "2023.10.10"]
[SourceVersion "1"]
[SourceVersionDate "2023.10.10"]
[SourceQuality "1"]

1. e3 e6 2. d3 d5 3. Nf3 Nf6 4. Nc3 c5 5. Be2 Nc6 6. 0-0 a6 7. e4 d4 8. Nb1 Be7 9. Ne1 e5 10. f4 exf4 11. Bxf4 0-0 12. Nd2 Be6 13. g4 Bd6 14. Ng2 Bxf4 15. Rxf4 Ne5 16. h3 Nfd7 17. Qe1 Ng6 18. Rf1 Nde5 19. Qg3 f6 20. h4 Qd6 21. h5 Ne7 22. Nh4 Nc4 23. Qxd6 Nxd6 24. Nf5 Nexf5 25. gxf5 Bf7 26. h6 gxh6 27. Kf2 Be8 28. Rh1 Nf7 29. Rh4 Kg7 30. Rah1 Rg8 31. Nf1 Kf8 32. Ng3 Ke7 33. Nh5 Ng5 34. Nf4 Bf7 35. Rxh6 Rg7 36. Bh5 Rag8 37. e5 fxe5 38. f6+ Ke8 39. fxg7 exf4 40. Re1+ Kd8 41. Bxf7 Nxf7 42. Rxh7 Kd7 43. Rg1 Ke6 44. Rh4 Kf5 45. Rh5+ Kf6 46. Rxc5 Nd6 47. Rd5 Nf5 48. Rd7 b5 49. Ra7 Ng3 50. Rxa6+ Kxg7 51. Re1 Kf7 52. Re5 Rc8 53. Rxb5 Rxc2+ 54. Kf3 Rc7 55. Kxf4 Ne2+ 56. Kg5 Re7 57. Rf5+ Kg7 58. Rg6+ Kh7 59. Kf6 1-0

[Event "Vsetin op 41st"]
[Site "Vsetin"]
[Date "2016.07.09"]
[Round "9"]
[White "Ruzickova, Radka"]
[Black "Skalsky, Alexandr"]
[Result "0-1"]
[WhiteElo "1857"]
[BlackElo "1993"]
[PlyCount "102"]
[EventDate "2016.07.02"]
[EventType "swiss"]
[EventRounds "9"]
[EventCountry "CZE"]
[SourceTitle "CBM 173 Extra"]
[Source "ChessBase"]
[SourceDate "2016.08.29"]
[SourceVersion "1"]
[SourceVersionDate "2016.08.29"]
[SourceQuality "1"]

1. e4 c5 2. Nc3 Nc6 3. g3 g6 4. Bg2 Bg7 5. d3 e6 6. Be3 d6 7. f4 Nge7 8. Nf3 0-0 9. 0-0 Rb8 10. g4 b5 11. Rb1 Qa5 12. Qd2 b4 13. Ne2 Qxa2 14. Ra1 Qxb2 15. e5 dxe5 16. Rfb1 exf4 17. Rxb2 Bxb2 18. Rb1 fxe3 19. Qxe3 Bg7 20. Qxc5 a5 21. Nfd4 Nxd4 22. Nxd4 Bxd4+ 23. Qxd4 Bb7 24. Bxb7 Rxb7 25. h4 Rfb8 26. h5 gxh5 27. gxh5 Nf5 28. Qf6 a4 29. Kh2 b3 30. cxb3 axb3 31. Qc3 Rb5 32. Qb2 h6 33. Rg1+ Kh7 34. Qf6 R5b7 35. Rb1 Rg8 36. Qc3 Rgb8 37. Qf6 Ra8 38. Qc3 Ra2+ 39. Rb2 Rxb2+ 40. Qxb2 Ne3 41. Kg1 Rb5 42. Qb1 b2 43. d4+ Kg7 44. d5 Nxd5 45. Kh2 Nc3 46. Qg1+ Kf8 47. Qd4 b1Q 48. Qd8+ Kg7 49. Qd4+ Kh7 50. Qf6 Rxh5+ 51. Kg2 Rg5+ 0-1

[Event "Klatovy op"]
[Site "Klatovy"]
[Date "2014.07.05"]
[Round "8"]
[White "Ruzickova, Radka"]
[Black "Mares, Vaclav"]
[Result "1-0"]
[WhiteElo "1828"]
[BlackElo "1990"]
[PlyCount "73"]
[EventDate "2014.06.28"]
[EventType "swiss"]
[EventRounds "9"]
[EventCountry "CZE"]
[SourceTitle "CBM 161 Extra"]
[Source "ChessBase"]
[SourceDate "2014.08.29"]
[SourceVersion "1"]
[SourceVersionDate "2014.08.29"]
[SourceQuality "1"]

1. e4 e5 2. Nf3 Nc6 3. Bb5 f5 4. Nc3 Nf6 5. d3 fxe4 6. Nxe4 d6 7. 0-0 Bg4 8. h3 Bh5 9. Ng3 Bg6 10. Re1 Be7 11. Nh4 Bf7 12. Nhf5 0-0 13. Bxc6 bxc6 14. Nxe7+ Qxe7 15. f4 Nd5 16. fxe5 dxe5 17. Ne4 Bg6 18. Bg5 Qb4 19. Rb1 h6 20. Bd2 Qd4+ 21. Kh2 Bxe4 22. Rxe4 Qf2 23. Be1 Qb6 24. Bg3 Ne3 25. Qe2 Nd5 26. Bxe5 Rf5 27. Qg4 Rg5 28. Qe6+ Kh7 29. Rf1 Ne3 30. Rg1 Nxc2 31. Bc3 Rf8 32. Re2 Rg6 33. Qe4 Rf2 34. Rxf2 Qxf2 35. Be5 Ne3 36. Qf3 Rxg2+ 37. Rxg2 1-0

[Event "Klatovy op"]
[Site "Klatovy"]
[Date "2014.06.28"]
[Round "1"]
[White "Chmel, Kristian"]
[Black "Ruzickova, Radka"]
[Result "1-0"]
[WhiteElo "2040"]
[BlackElo "1828"]
[PlyCount "75"]
[EventDate "2014.06.28"]
[EventType "swiss"]
[EventRounds "9"]
[EventCountry "CZE"]
[SourceTitle "CBM 161 Extra"]
[Source "ChessBase"]
[SourceDate "2014.08.29"]
[SourceVersion "1"]
[SourceVersionDate "2014.08.29"]
[SourceQuality "1"]

1. d4 d5 2. c4 c6 3. cxd5 cxd5 4. Nf3 e6 5. Nc3 Nc6 6. Bf4 a6 7. e3 Bd6 8. Bxd6 Qxd6 9. Bd3 Nf6 10. 0-0 0-0 11. Rc1 b5 12. Bb1 Bb7 13. Ne1 e5 14. dxe5 Nxe5 15. Nf3 Rad8 16. Nd4 Neg4 17. g3 g6 18. Nce2 Rfe8 19. Nf4 Qe5 20. Nc6 Bxc6 21. Rxc6 Qxb2 22. Nd3 Qa3 23. h3 Nxe3 24. fxe3 Ne4 25. Qe1 Qe7 26. Nf4 d4 27. exd4 Rxd4 28. Bxe4 Rxe4 29. Qf2 Qb7 30. Rc2 Re3 31. Rd2 Qa7 32. Nd5 Rxg3+ 33. Kh2 Rxh3+ 34. Kxh3 Qd7+ 35. Kh2 Qd6+ 36. Qf4 Re5 37. Nf6+ Kf8 38. Rxd6 1-0

[Event "Znojmo op1"]
[Site "Znojmo"]
[Date "2007.??.??"]
[Round "5"]
[White "Dobes, Oldrich"]
[Black "Ruzickova, Radka"]
[Result "1-0"]
[WhiteElo "2040"]
[BlackElo "1835"]
[PlyCount "111"]
[EventDate "2007.01.??"]
[EventType "swiss"]
[EventRounds "9"]
[EventCountry "CZE"]
[SourceTitle "EXT 2010"]
[Source "ChessBase"]
[SourceDate "2010.11.25"]
[SourceVersion "1"]
[SourceVersionDate "2010.11.25"]
[SourceQuality "1"]

1. e4 c5 2. Nf3 Nc6 3. d4 cxd4 4. Nxd4 e5 5. Nb5 d6 6. c4 a6 7. N5c3 f5 8. Bd3 f4 9. Nd5 Nf6 10. Nbc3 Be7 11. g3 fxg3 12. hxg3 Be6 13. Nxf6+ Bxf6 14. Nd5 h6 15. Be3 Bxd5 16. exd5 Ne7 17. g4 g5 18. Qf3 Bg7 19. Qh3 Rf8 20. Qh5+ Kd7 21. 0-0 Qe8 22. Qh1 Qf7 23. c5 Qf3 24. Qxf3 Rxf3 25. Be4 Rf6 26. cxd6 Kxd6 27. Rac1 Kd7 28. Bc5 Bf8 29. d6 Nc6 30. Bf5+ Kd8 31. Bb6+ Ke8 32. d7+ Kf7 33. Rxc6 Rxc6 34. d8Q Rxd8 35. Bxd8 Rc4 36. Rd1 Bc5 37. Kg2 Bd4 38. b3 Rc6 39. Kf3 b6 40. Ke4 Rd6 41. f4 gxf4 42. Bc7 Rc6 43. Bxe5 Bxe5 44. Kxe5 f3 45. Rf1 h5 46. gxh5 Rc5+ 47. Ke4 Kf6 48. Rxf3 Re5+ 49. Kd4 Ra5 50. Bg6+ Kg7 51. a4 Rc5 52. Rf7+ Kg8 53. Rf6 a5 54. Rxb6 Rg5 55. h6 Kf8 56. Re6 1-0

[Event "CZE-ch (Women)"]
[Site "Usti nad Labem"]
[Date "1996.??.??"]
[Round "4"]
[White "Modrova, Hana"]
[Black "Ruzickova, Radka"]
[Result "1/2-1/2"]
[WhiteElo "2010"]
[BlackElo "1915"]
[PlyCount "46"]
[EventDate "1996.??.??"]
[EventType "swiss"]
[EventRounds "9"]
[EventCountry "CZE"]
[SourceTitle "EXT 1998"]
[Source "ChessBase"]
[SourceDate "1997.11.17"]
[SourceVersion "1"]
[SourceVersionDate "1997.11.17"]
[SourceQuality "1"]

1. d4 d5 2. Nf3 Nf6 3. Bg5 Ne4 4. Bf4 c5 5. e3 Qb6 6. Qc1 Nd7 7. Nbd2 Ndf6 8. c3 Bf5 9. h3 h6 10. Be2 e6 11. Nxe4 Nxe4 12. Nd2 Bd6 13. Bxd6 Qxd6 14. Bb5+ Ke7 15. Nxe4 Bxe4 16. 0-0 c4 17. Ba4 Rhc8 18. f4 f5 19. Qe1 Kf8 20. Qh4 a6 21. a3 b5 22. Bd1 Qe7 23. Qh5 Qf7 1/2-1/2

[Event "CZE-ch (Women)"]
[Site "Usti nad Labem"]
[Date "1996.??.??"]
[Round "1"]
[White "Saljova, Silvie"]
[Black "Ruzickova, Radka"]
[Result "1-0"]
[WhiteElo "2235"]
[BlackElo "1915"]
[PlyCount "45"]
[EventDate "1996.??.??"]
[EventType "swiss"]
[EventRounds "9"]
[EventCountry "CZE"]
[SourceTitle "EXT 1998"]
[Source "ChessBase"]
[SourceDate "1997.11.17"]
[SourceVersion "1"]
[SourceVersionDate "1997.11.17"]
[SourceQuality "1"]

1. d4 Nf6 2. Nf3 e6 3. Bg5 Be7 4. c4 h6 5. Bh4 d5 6. Nc3 0-0 7. e3 Nbd7 8. Qc2 dxc4 9. Bxc4 Nb6 10. Bb3 Nbd5 11. Ne5 Nxc3 12. bxc3 Nd5 13. Bg3 Bh4 14. Qd3 Bxg3 15. hxg3 f5 16. g4 Qf6 17. gxf5 Qxf5 18. Qxf5 Rxf5 19. e4 Rxe5 20. dxe5 Nxc3 21. Rc1 Nxe4 22. Rxc7 b6 23. Rxc8+ 1-0